banner-ar

علم الهندسة والمناظر فى القرن الرابع الهجرى : ابن سهل , القوهى وابن الهيثم / (Record no. 48925)

MARC details
000 -الفاتح
حقل البيانات ثابتة الطول 00635nam a2200193Ia 4500
008 - عناصر البيانات ثابتة الطول - معلومات عامة
حقل البيانات ثابتة الطول 140319s9999 xx 000 0 ara d
040 ## - مصدر الفهرسة
وكالة الفهرسة الأصلية GCL /
وكالة النسخ GCL
082 04 - رقم تصنيف ديوى العشرى
رقم التصنيف 620.0042
رقم المادة ر ع
100 1# - المدخل الرئيسى - إسم شخصى
الإسم الشخصى رشدى راشد
245 10 - بيان العنوان
العنوان علم الهندسة والمناظر فى القرن الرابع الهجرى : ابن سهل , القوهى وابن الهيثم /
بيان المسئوليه,etc رشدى راشد
300 ## - الوصف المادى
التعداد 532 ص
490 ## - بيان السلسلة
عنوان السلسلة سلسلة تاريخ العلوم عند العرب
رقم المجلد/ التعيين التسلسلي 0
650 04 - المدخل الاضافى بالموضوع-مصطلح موضوعى
مصطلح موضوعي الهندسة
650 04 - المدخل الاضافى بالموضوع-مصطلح موضوعى
مصطلح موضوعي ابن الهيثم
650 04 - المدخل الاضافى بالموضوع-مصطلح موضوعى
مصطلح موضوعي ابن سهل
650 04 - المدخل الاضافى بالموضوع-مصطلح موضوعى
مصطلح موضوعي القوهى
942 ## - عناصر المدخل الإضافي( كوها)
مصدر التصنيف او مخطط الترفيف Dewey Decimal Classification
Koha [default] item type كتاب
Holdings
حالة التراجع حالة الفقد حالة تلف ليس للاعارة المكان المؤقت الموقع الحالى تاريخ الاكتساب اجمالي اﻻعارات رقم الطلب الباركود تاريخ اخر مشاهدة تاريخ تفعيل السعر نوع وعاء كوها
        مكتبة القاهرة الكبرى مكتبة القاهرة الكبرى 03/26/2014   620.0042\ر ع 117743 03/26/2014 03/26/2014 كتاب

Powered By

EGPV